The impact of goods & services tax on residential real estate investment activities /
Saved in:
| 主要作者: | |
|---|---|
| 格式: | Thesis 圖書 |
| 語言: | English |
| 出版: |
1997.
|
| 主題: | |
| 標簽: |
添加標簽
沒有標簽, 成為第一個標記此記錄!
|
| LEADER | 00910cam a2200253 a 4500 | ||
|---|---|---|---|
| 001 | u413139 | ||
| 003 | SIRSI | ||
| 008 | 970708s1997 si v 00 10 eng m | ||
| 035 | |a ACD-4455 | ||
| 040 | |a UMM | ||
| 043 | |a a-si--- | ||
| 090 | |a HD890.67 |b Z63Lan | ||
| 100 | 1 | 0 | |a Lan, Luh Sing. |
| 245 | 1 | 4 | |a The impact of goods & services tax on residential real estate investment activities / |c by Lan Luh Sing. |
| 260 | |c 1997. | ||
| 300 | |a vi, 83 leaves : |b ill. ; |c 30 cm. | ||
| 502 | |a Dissertation (M.Sc.) -- National University of Singapore, 1997. | ||
| 504 | |a Bibliography: leaves 78-80. | ||
| 650 | 0 | |a Real estate investment |x Taxation |z Singapore | |
| 650 | 0 | |a Consumer goods |x Taxation |z Singapore. | |
| 650 | 0 | |a Service industries |x Taxation |z Singapore. | |
| 948 | |a 08/07/1997 |b 26/01/1999 | ||
| 596 | |a 1 | ||
| 999 | |a HD890.67 Z63LAN |w LC |c 1 |i A506945337 |d 29/3/2013 |e 29/3/2013 |l STACKS |m P01UTAMA |n 2 |r Y |s Y |t TESIS |u 23/10/1997 | ||
